00279nam a2200085Ia 4500008004100000100002400041245008400065260003600149300000800185201217s9999 xx 000 0 und d aThierauf, Robert J. 0aDecision support systems for effective planning & control:A case study approach aEnglewood CliffsbPrentice Hall a536